000 00488pab a2200157 454500
008 180718b2014 xxu||||| |||| 00| 0 eng d
100 _aChattopadhyay, Soumyadip
245 _aFinancing urban basic service in selected municipalities in West - Bengal: lesson learnt and way forward
260 _c2014
300 _ap.70-85.
362 _aJul - sep
650 _aUrban basic services - India - West Bengal
650 _aUrban basic services
773 _aNagarlok
909 _a107900
999 _c107895
_d107895